Statistiken für Stadt zu Land #2

Klicken Sie hier um das Quiz zu spielen!

Allgemein

  • Dieses Quiz wurde 279 mal gespielt
  • Das Durchschnittsergebnis liegt bei 11 aus 15

Antwortstatistiken

Stadtund Land% Korrekt
KrakauPolen
98%
PjongjangNordkorea
93%
PortoPortugal
93%
PittsburghVereinigte Staaten
92%
RennesFrankreich
91%
OmskRussland
86%
MontevideoUruguay
85%
PortsmouthVereinigtes Königreich
85%
PristinaKosovo
83%
AsuncionParaguay
74%
KobeJapan
73%
PueblaMexiko
64%
TimbuktuMali
50%
PecsUngarn
41%
NarvaEstland
25%

Verteilung der Resultate

Perzentil nach korrekt beantworteten Fragen

Anzahl Personen mit jedem Resultat

Ihre Resultats-Entwicklung

Sie haben dieses Quiz noch nicht gespielt